鹿児島県の戦前市制・町制 - Statistics

General Stats
  • This quiz has been taken 98 times
  • The average score is 38 of 56
Answer Stats
施行日 施行内容 所属郡 回答 % Correct
1889.04.01 市制 (市) 鹿児島市
100%
1917.04.01 町制 出水郡 出水町
91%
1923.07.01 町制 川辺郡 枕崎町
91%
1918.04.01 町制 伊佐郡 大口町
89%
1922.04.01 町制 日置郡 伊集院町
89%
1940.02.11 市制 (市) 川内市
89%
1941.05.27 市制 (市) 鹿屋市
89%
1912.12.13 町制 肝属郡 鹿屋町
87%
1913.07.01 町制 囎唹郡 志布志町
87%
1922.10.01 町制 大島郡 名瀬町
87%
1926.04.01 町制 姶良郡 国分町
87%
1926.04.01 町制 熊毛郡 西之表町
87%
1929.05.20 町制 薩摩郡 川内町
87%
1929.10.10 町制 姶良郡 隼人町
87%
1933.05.01 町制 揖宿郡 指宿町
87%
1935.04.01 町制 日置郡 串木野町
87%
1912.06.01 町制 姶良郡 加治木町
85%
1925.01.01 町制 出水郡 阿久根町
85%
1924.01.01 町制 川辺郡 加世田町
83%
1930.04.01 町制 日置郡 市来町
83%
1932.04.01 町制 川辺郡 知覧町
83%
1919.07.01 町制 薩摩郡 宮之城町
79%
1923.10.13 町制 川辺郡 川辺町
74%
1932.10.01 町制 肝属郡 東串良町
74%
1940.11.10 町制 熊毛郡 中種子町
74%
1924.12.01 町制 肝属郡 垂水町
72%
1932.05.15 町制 肝属郡 串良町
72%
1941.05.01 町制 大島郡 和泊町
72%
1941.10.01 町制 大島郡 喜界町
72%
1924.09.01 町制 鹿児島郡 谷山町
68%
1937.04.01 町制 日置郡 東市来町
68%
1930.01.01 町制 揖宿郡 山川町
66%
1941.01.01 町制 肝属郡 根占町
66%
1933.08.01 町制 肝属郡 大根占町
64%
1926.04.01 町制 囎唹郡 財部町
62%
1929.11.01 町制 姶良郡 福山町
62%
1936.01.01 町制 囎唹郡 大崎町
62%
1940.11.10 町制 川辺郡 笠沙町
62%
1922.10.01 町制 囎唹郡 末吉町
55%
1932.04.01 町制 肝属郡 高山町
53%
1932.04.01 町制 出水郡 高尾野町
51%
1932.04.01 町制 姶良郡 栗野町
51%
1940.04.29 町制 伊佐郡 菱刈町
49%
1940.11.10 町制 薩摩郡 樋脇町
47%
1942.01.01 町制 大島郡 亀津町
47%
1928.11.01 町制 姶良郡 蒲生町
45%
1932.10.01 町制 肝属郡 内之浦町
45%
1940.02.16 町制 姶良郡 横川町
45%
1942.04.01 町制 姶良郡 帖佐町
45%
1923.07.01 町制 出水郡 米之津町
43%
1940.04.01 町制 姶良郡 牧園町
43%
1922.12.01 町制 日置郡 伊作町
36%
1940.11.10 町制 伊佐郡 山野町
34%
1924.04.01 町制 囎唹郡 岩川町
32%
1925.01.01 町制 川辺郡 万世町
32%
1936.04.01 町制 大島郡 古仁屋町
32%
No matching quizzes found
Score Distribution
Percent of People with Each Score
Percentile by Number Answered
Your Score History
You have not taken this quiz